01150nam a2200229Ia 4500008004100000020001500041040001800056041000800074060001100082110004900093245008700142246008200229260002600311300002800337490003600365505026100401650004900662650004900711650002000760650004400780710009600824130821s1995 xxu gr spa  a9275315566 aCo-BoUCMbspa00aspa aWA 900 aOrganización Panamericana de la Salud. OPS00aEstadísticas de salud de las AméricascOrganización Panamericana de la Salud aHealth statistics from the AmericascOrganización Panamericana de la Salud. aWashingtonbOPSc1995 a387 páginase1 CD-ROM aPublicación Científicav556 aMortalidad : tendencias desde 1960, por grupos seleccionados de causas. Ultimos datos por causa, según la lista 6/61. Brechas reducibles de mortalidad. -- Estimaciones y proyecciones demoGráficas : población, natalidad, fecundidad, esperanza de vida.04aMorbilidadzAmérica LatinavEstadísticas04aMortalidadzAmérica LatinavEstadísticas04aSalud pública04aSaludzAmérica LatinavEstadísticas aOrganización Mundial de La Salud. OMS.Boficina Sanitaria Panamericana.Boficina Regional